Maliar a pedagóg Akademický maliar Július Muška sa dožíva životného jubilea

Podrobná bibliografia
Hlavný autor: Harabinová, H. (Autor)
Médium: Článok
Jazyk:slovenčina
Fyzický popis:Obr. 1.
Predmet:

MARC

LEADER 00000nab a2200000 a 4500
001 vtls000024534
003 SK-MaSNL
005 20260303031046.0
008 111103c1979 xo 0 slo
015 |a SNBRB19rr/mm-uuuuu 
035 |a CL0034628 
040 |a SNKBUCL  |b slo  |c SNKBUCL  |e AACR2 
041 0 |a slo 
044 |a xo  |c SK 
080 |a 75  |2 1981 
080 |a 371  |2 1981 
100 1 |a Harabinová, H.  |4 aut  |9 1002304 
245 1 0 |a Maliar a pedagóg  |b Akademický maliar Július Muška sa dožíva životného jubilea  |c H. Harabinová 
300 |b Obr. 1. 
600 1 7 |a Muška, Július,  |d 1919-2013  |2 snkbucl  |9 156292 
655 7 |a články z novín a časopisov  |2 snkbucl  |9 267496 
773 0 |t Večer  |g Roč. 11, č. 62 (28. 3. 1979), s. 2 
850 |a Slovenská národná knižnica v Martine  |a MTA001 
852 |a SNK  |b KIS3GCP 
958 |a RK 
992 |a RBX 
999 |c 1655704  |d 1657634